000 00861nam a2200241 a 4500
001 000021312
005 20250424134023.0
008 100904s1990 mx a r 000 0 spa d
020 _a9688881872
040 _aDO-SdBNP
_bspa
_cBNPHU
041 1 7 _aspa
_heng
_2Código de idioma MARC
082 _a144
_bL523t
100 1 _aLehmann, Karl,
_d1936-
_944535
240 1 0 _aThomas Jefferson, american humanist.
_lEspañol.
245 1 0 _aThomas Jefferson :
_bhumanista americano /
_cKarl Lehmann ; traducción de Gerardo Ferrer.
260 _aMéxico :
_bPrisma,
_c1990.
300 _a254 p. :
_bil. ;
_c22 cm.
534 _pTítulo original en inglés:
_tThomas Jefferson, american humanist.
_cUniversity of Virginia, 1985
600 1 0 _aJEFFERSON, THOMAS,
_d1743-1826
_944536
650 0 _a Humanismo
_933685
700 1 _aFerrer, Gerardo,
_etr.
_944537
049 _aBNGR
999 _c20812
_d20812